MARC

LEADER 00000nab a2200000 r4500
001 vtls011747021
003 SK-MaSNL
005 20260303082037.0
008 180320c2018 xo wr|p|||||||000 b|slo
015 |a SNBRB2018/03 
038 |a PPPK 
040 |a PPPKCL  |b slo  |e rda 
041 0 |a slo 
043 |a e-xo--- 
044 |a xo  |c SK 
072 7 |a 796  |x Šport. Hry. Telesné cvičenia  |2 konspekt 
080 |a 796.422.093  |2 2011 
245 0 0 |a Skialpinista zvládol trať najlepšie 
336 |a text  |b txt  |2 rdacontent 
337 |a bez média  |b n  |2 rdamedia 
338 |a zväzok  |b nc  |2 rdacarrier 
500 |a Autor článku nie je uvedený. 
600 1 7 |a Matava, Ján,  |d 1994-  |2 pppkcl  |9 1086289 
600 1 7 |a Svočák, Martin,  |d 1991-  |2 pppkcl  |9 1086290 
600 1 7 |a Weiss, Michal,  |d 1981-  |2 pppkcl  |9 1086291 
600 1 7 |a Brečková, Viera,  |d 1964-  |2 pppkcl  |9 1086292 
600 1 7 |a Uličná, Slavomíra,  |d 1985-  |2 pppkcl  |9 1086293 
611 2 7 |a Zimná bežecká séria  |n (5. :  |d 2017-2018 :  |c Vysoké Tatry, Slovensko)  |2 pppkcl  |9 1086294 
611 2 7 |a Vertical Grand Tour  |n (7. :  |d 2018 :  |c Tatranská Lomnica, Slovensko)  |2 pppkcl  |9 1086295 
648 7 |a 20.1.2018  |2 pppkcl  |9 1086296 
650 0 7 |a šport  |2 pppkcl  |9 1042 
650 0 7 |a beh  |2 pppkcl  |9 3281 
650 0 7 |a bežecké preteky  |2 pppkcl  |9 31134 
651 7 |a Tatranská Lomnica (Vysoké Tatry, Slovensko)  |2 pppkcl  |9 160914 
651 7 |a Vysoké Tatry (Slovensko : mesto)  |2 pppkcl  |9 176366 
773 0 |t Podtatranské noviny  |g Roč. LIX, č. 4 (2018), s. 5  |x 1210-2423 
852 |a PPPK  |b KIS3GCP 
999 |c 1786639  |d 1788569